|
|
|
|
| LEADER |
00873nam a2200241 a 4500 |
| 001 |
c000341327 |
| 003 |
CARM |
| 005 |
00000000000000.0 |
| 008 |
840702s1915 enk b 00010 eng d |
| 019 |
1 |
|
|a 3201713
|z 55242353
|5 LACONCORD2021
|
| 035 |
|
|
|a (OCoLC)25450824
|5 LACONCORD2021
|
| 040 |
|
|
|a VDU
|c VDU
|
| 082 |
1 |
|
|a 940.31
|2 19
|
| 100 |
1 |
|
|a Oliver, F. S.
|q (Frederick Scott),
|d 1864-1934.
|
| 245 |
1 |
0 |
|a Ordeal by battle /
|c by Frederick Scott Oliver.
|
| 260 |
|
|
|a London :
|b Macmillan,
|c 1915.
|
| 300 |
|
|
|a li, 437 p. ;
|c 23 cm.
|
| 504 |
|
|
|a Includes bibliographical references.
|
| 650 |
|
0 |
|a World War, 1914-1918.
|
| 650 |
|
0 |
|a Draft.
|
| 852 |
8 |
|
|b CARM
|h A1:AO11F0
|i B08119
|p 0359258
|f BK
|
| 999 |
f |
f |
|i 519e4ce5-8729-5d10-9f6a-36261353495e
|s 7edc4d1b-08b7-5cb3-83cc-27dfc1dabb5f
|
| 952 |
f |
f |
|p Can circulate
|a CAVAL
|b CAVAL
|c CAVAL
|d CARM 1 Store
|e B08119
|f A1:AO11F0
|h Other scheme
|i book
|m 0359258
|